| 000 | 00815nam a2200205Ia 4500 | ||
|---|---|---|---|
| 999 |
_c37427 _d37427 |
||
| 001 | 3386 | ||
| 003 | GE_BSU | ||
| 005 | 20190606161322.0 | ||
| 008 | 181216s1973|||| |||||||||||||| ||geo|| | ||
| 040 | _cGE_BSU | ||
| 041 | _ageo | ||
| 080 | _a621.01 თ–20 | ||
| 100 |
_aთავხელიძე, დ. _9914 |
||
| 245 |
_aმექანიზმებისა და მანქანების თეორია : II ნაწილი : ლექციების კონსპექტი / _c დ. თავხელიძე, |
||
| 264 |
_aთბილისი : _bსპი, _c1973. |
||
| 300 |
_a92 გვ .: _bცხრ. _c19 სმ. |
||
| 300 | _eცხრ. | ||
| 653 | _aმექანიზმებისა და მანქანების თეორია | ||
| 942 |
_cBK _2udc |
||